Best NBA Players By Numbers - Statistics

General Stats
  • This quiz has been taken 686 times
  • The average score is 7 of 21
Answer Stats
Number Player % Correct
0 Russell Westbrook
88%
6 LeBron James
83%
24 Kobe Bryant
71%
35 Kevin Durant
60%
16 Pau Gasol
47%
1 Derrick Rose
46%
2 John Wall
43%
41 Dirk Nowitzki
42%
3 Chris Paul
38%
21 Tim Duncan
36%
7 Carmelo Anthony
34%
5 Kevin Garnett
30%
12 Dwight Howard
22%
32 Blake Griffin
21%
42 Kevin Love
19%
9 Rajon Rondo
16%
8 Deron Williams
10%
13 Joakim Noah
7%
88 Nicolas Batum
7%
22 Rudy Gay
5%
33 Andrew Bynum
3%
No matching quizzes found
Score Distribution
Percent of People with Each Score
Percentile by Number Answered
Your Score History
You have not taken this quiz